| 000 | 00536nam a22001697a 4500 | ||
|---|---|---|---|
| 005 | 20251108171214.0 | ||
| 008 | 250721s1988 xx 000 0 ara d | ||
| 082 | 1 | 4 | _a328.73/فار |
| 100 | 1 | _aفارنزورث، أ الان | |
| 245 | 1 | 0 | _aمدخل إلى النظام التشريعي في الولايات المتحدة / |
| 264 | 1 |
_aعمان : _bمركز الكتب الأردني، _c1988. |
|
| 300 | _a172ص | ||
| 650 | 1 | 7 | _aالولايات المتحدة |
| 650 | 1 | 7 | _aالتشريع |
| 942 |
_2ddc _cBK |
||
| 999 |
_c59311 _d59311 |
||